Možnosti uplatňovania systému One-Stop Shop pri DPH v daňovej legislatíve SR a v krajinách EÚ
Systém One-Stop Shop. Týka sa zdaniteľných osôb vykonávajúcich zdaniteľné transakcie v členských štátoch, v ktorých nemajú sídlo. Týka sa len určitých typov transakcií (zásielkový predaj, dodávky spojené s inštaláciou alebo montážou, práce na nehnuteľnom majetku, predaj na výstavách a veľtrhoch, bur...
Enregistré dans:
| Auteur principal: | |
|---|---|
| Format: | Chapitre de livre |
| Langue: | slovaque |
| Sujets: | |
| Tags: |
Pas de tags, Soyez le premier à ajouter un tag!
|
MARC
| LEADER | 00000nla$a2200000$$$4500 | ||
|---|---|---|---|
| 001 | 0084404 | ||
| 005 | 20240613065842.1 | ||
| 041 | 0 | |a slo | |
| 044 | |a SK | ||
| 245 | 1 | 0 | |a Možnosti uplatňovania systému One-Stop Shop pri DPH v daňovej legislatíve SR a v krajinách EÚ |c Jana Simonidesová |
| 520 | |a Systém One-Stop Shop. Týka sa zdaniteľných osôb vykonávajúcich zdaniteľné transakcie v členských štátoch, v ktorých nemajú sídlo. Týka sa len určitých typov transakcií (zásielkový predaj, dodávky spojené s inštaláciou alebo montážou, práce na nehnuteľnom majetku, predaj na výstavách a veľtrhoch, burzách, predaj na palubách lietadiel a pod.). Systém je obmedzený len na B2C transakcie (predaj konečnému spotrebiteľovi). Je prispôsobený na aplikáciu pravidiel prechodných ustanovení predstavených pre obchodné spoločnosti z tretích krajín uskutočňujúcich virtuálne dodávky služieb konečným spotrebiteľom na území EÚ. Je zároveň využiteľný pre obchodné spoločnosti z tretích štátov na základe medzištátnych dohôd. | ||
| 610 | 2 | 0 | |a zdaňovanie |
| 610 | 2 | 0 | |a zdaňovanie medzinárodné |
| 610 | 2 | 0 | |a tovar |
| 610 | 2 | 0 | |a služby |
| 610 | 2 | 0 | |a obchod medzinárodný |
| 100 | 1 | |a Simonidesová, Jana, 1968- | |